Datum a čas kvízu
20
Celkem bodů
Celkový počet nahraných bodů na tomto kvízu bez doplňovacích otázek.
8.
Pořadí na kvízu
Konečné umístění týmu na tomto kvízu.
Zaznamenané odpovědi
| # | Otázka | Odpověď | Body | Výsledky |
|---|---|---|---|---|
| 1. | Pražská zoo učinila další krok... | sysel | 0 | |
| 2. | Ambiciózní projekt v podobě bu... | Indonésie | 0 | |
| 3. | 42letá americká zpěvačka vydal... | Britney Spears | 0 | |
| 4. | Nečekanou invazi zažili návště... | C) vážky | 0 | |
| 5. | Hokejista David Pastrňák se ož... | Hvar | 1 | |
| 6. | Tato plodina je známá též jako... | maniok | 0 | |
| 7. | Mezi jihoamerické speciality,... | kapybara | 0 | |
| 8. | Payara, Tucunare nebo Arapaima... | C | 1 | |
| 9. | Chicha je (obvykle) alkoholick... | kukuřice | 1 | |
| 10. | Ač si většina z nás patrně spo... | Bolívie | 0 |